000 004580000a22001690004500
003 MACL
005 20160213162832.0
008 160213b xxu||||| |||| 00| 0 eng d
040 _aMACL
_cMACL
041 _aHindi
082 _a320
100 _aवीनाबा
_938238
245 _aजय जगत
260 _bअ. भा. सर्व सेवा संध
_c1960
_aकाशी
650 _aPolitical Science
_938239
942 _cHIN
_k320
_2ddc
999 _c25488
_d25488